| 000 | 00704nam a22001937a 4500 | ||
|---|---|---|---|
| 003 | OSt | ||
| 005 | 20240830155247.0 | ||
| 008 | 240830b ||||| |||| 00| 0 eng d | ||
| 040 | _cAIMIT LIBRARY | ||
| 100 |
_aSundeep G. _e2216063 _9178299 |
||
| 245 |
_aComparative study on financial performance of financial service companies in india / _cBy G Sundeep ; Guided by Steevan Dsouza N. |
||
| 260 |
_aBengaluru ; _c2024. |
||
| 650 |
_aIndustry profile company profile _9178300 |
||
| 650 |
_aStatement of the problem _9178301 |
||
| 650 |
_aData analysis and interpretation _9178302 |
||
| 700 |
_aDsouza N Steevan. _eGuide _9178303 |
||
| 856 |
_3Motilal Oswal _uwww.motilaloswalgroup.com |
||
| 942 |
_2ddc _cPRO |
||
| 999 |
_c231667 _d231667 |
||